000 01281nam a2200337 4500
003 OSt
005 20231110085705.0
008 231108s2020 mx ad||f |||| 001 0 spa d
020 _a9786071205797
040 _erda
_cCHAP
082 0 0 _222
_a631.58
_bE82
245 0 0 _aEstudios sobre el manejo orgánico del suelo en el Norte de México /
_ccoordinado por Ignacio Orona Castillo y Juan Antonio Leos Rodríguez
264 1 _aMéxico:
_bUniversidad Autónoma Chapingo. CIESTAAM,
_c2020.
300 _a138 páginas:
_bIlustraciones, cuadros, gráficas
336 _2rdacontent
_atexto
_btxt
337 _2rdamedia
_asin medio
_bn
338 _2rdacarrier
_avolumen
_bnc
490 1 _aPrograma Integración Agricultura Industria (UACh. CIESTAAM)
504 _aIncluye índice y bibliografía
650 4 _9138942
_aFertilizantes orgánicos
650 4 _9144203
_aFertilidad del suelo
650 4 _9156768
_aRizobacterias promotoras del crecimiento vegetal
650 4 _938314
_aEstiércol
_xManejo
700 0 _966243
_aLeos Rodríguez, Juan Antonio
_ecoordinador
700 1 _9188257
_aOrona Castillo, Ignacio
830 0 _9187248
_aPrograma Integración Agricultura Industria (UACh. CIESTAAM)
_v97
942 _2ddc
942 _2ddc
942 _2ddc
942 _cLIBRO
999 _c219353
_d219353